A Framework for seed policy analysis in developing countries / (Record no. 8486)

MARC details
000 -LEADER
fixed length control field 00710nam a22002172 4500
001 - CONTROL NUMBER
control field 0000013209
005 - DATE AND TIME OF LATEST TRANSACTION
control field 20151217152124.0
008 - FIXED-LENGTH DATA ELEMENTS--GENERAL INFORMATION
fixed length control field 090624s xx 000 0 eng d
020 ## - INTERNATIONAL STANDARD BOOK NUMBER
International Standard Book Number 0896293173 :
040 ## - CATALOGING SOURCE
Original cataloging agency KABU
Transcribing agency KABU
100 1# - MAIN ENTRY--PERSONAL NAME
Personal name Pray, Carl E.
-- 0000170359
245 12 - TITLE STATEMENT
Title A Framework for seed policy analysis in developing countries /
Statement of responsibility, etc. Carl E. Pray and Bharat Ramaswami.
250 ## - EDITION STATEMENT
Edition statement 1st ed.
260 ## - PUBLICATION, DISTRIBUTION, ETC. (IMPRINT)
Place of publication, distribution, etc. Washington, D. C. :
Name of publisher, distributor, etc. IFPRI,
Date of publication, distribution, etc. 1991.
300 ## - PHYSICAL DESCRIPTION
Extent 42 p.
650 #0 - SUBJECT ADDED ENTRY--TOPICAL TERM
Topical term or geographic name as entry element Food industry and trade
Geographic subdivision Developing countries.
-- 0000170360
700 1# - ADDED ENTRY--PERSONAL NAME
Personal name Ramaswami, Bharat.
-- 0000170361
852 1# - LOCATION
-- p100.00 KES
908 ## - PUT COMMAND PARAMETER (RLIN)
Put command parameter 090624
950 ## - LOCAL HOLDINGS (RLIN)
-- 1
Holdings
Withdrawn status Lost status Source of classification or shelving scheme Not for loan Home library Current library Date acquired Total Checkouts Full call number Barcode Date last seen Price effective from Koha item type
    Library of Congress Classification   Kabarak, Main Campus Kabarak, Main Campus 17/12/2015   HD9019 .S432D44 1991 c. 1 17919 02/08/2024 17/12/2015 General Collection
Designed with assistance from East African Informatics Ltd